00831cam a2200265 a 450000100100000000500170001000800410002702000150006803500190008303500220010203500270012404000290015108200190018010000410019924500330024026000340027330000210030765000260032865000300035491000280038491000070041204900090041995201220042899900150055000000943320200929161607.0970130s1997 mx 000 f spa d a9681903285 a(DLC) 97109959 a(NIC)notisAPA9252 a(CStRLIN)NYCXAPA9252-B aDO-SdBNPbspacLCdBNPHU aU863.44bB462a1 aBenedetti, Mario,d1920-2009.91195910aAndamios /cMario Benedetti. aMéxico :bAlfaguara,c1997. a349 p. ;c21 cm. 4aNovela uruguaya95679 4aLiteratura uruguaya93054 aCatalogación derivada aWM aBNGR 001054708MOaGRbGRcHDd2009-09-29iLF1l0oU863.44 B462ap9433-10r2020-06-25w2020-06-25y4ZPréstamo en sala c9193d9193